El Estado y la lucha por la democracia /

Gorde:
Xehetasun bibliografikoak
Egile nagusia: Shulgovski, Anatoli
Formatua: Texto
Etiketak: Etiketa erantsi
Etiketarik gabe, Izan zaitez lehena erregistro honi etiketa jartzen!

MARC

LEADER 00000 a a2200000 04500
001 693
003
040
100 |a Shulgovski, Anatoli  
245 |a El Estado y la lucha por la democracia /  |c Anatoli Shulgovski 
773 |g número 9; páginas 4-16  
999 |c 32134  |d 32134